Southville International School and Colleges
Your cart is empty.
  • Cart
  • Lists
    Public lists Eva Luna New books Lux_list list_1
    Your lists Log in to create your own lists
  • Log in to your account
  • Your cookies
  • Search history
Southville International School and Colleges
  • Advanced search
  • Recent comments
  • Most popular
  • Libraries

Log in to your account

Log in with GOOGLE


If you do not have an external account, but do have a local account, you can still log in:

  1. Home
  2. MARC view: Basic marketing :
Normal view MARC view ISBD view

Basic marketing : (Record no. 15921)

[ view plain ]
MARC details
000 -LEADER
fixed length control field 01090cam a22003134a 4500
001 - CONTROL NUMBER
control field 13544288
003 - CONTROL NUMBER IDENTIFIER
control field OSt
005 - DATE AND TIME OF LATEST TRANSACTION
control field 20140310182758.0
008 - FIXED-LENGTH DATA ELEMENTS--GENERAL INFORMATION
fixed length control field 040331s2005 mau b 001 0 eng
010 ## - LIBRARY OF CONGRESS CONTROL NUMBER
LC control number 2004040321
020 ## - INTERNATIONAL STANDARD BOOK NUMBER
International Standard Book Number 0071246436 (alk. paper : hbk.)
020 ## - INTERNATIONAL STANDARD BOOK NUMBER
International Standard Book Number 9780072947038 (hbk.)
040 ## - CATALOGING SOURCE
Original cataloging agency DLC
Transcribing agency DLC
Modifying agency DLC
042 ## - AUTHENTICATION CODE
Authentication code pcc
050 00 - LIBRARY OF CONGRESS CALL NUMBER
Classification number HF 5415.13
Item number .M369 2005
100 1# - MAIN ENTRY--PERSONAL NAME
Personal name Perreault, William D.
245 10 - TITLE STATEMENT
Title Basic marketing :
Remainder of title a global-managerial approach /
Statement of responsibility, etc William D. Perreault, Jr., E. Jerome McCarthy.
250 ## - EDITION STATEMENT
Edition statement 15th ed.
260 ## - PUBLICATION, DISTRIBUTION, ETC. (IMPRINT)
Place of publication, distribution, etc Boston, Mass. :
Name of publisher, distributor, etc McGraw-Hill,
Date of publication, distribution, etc 2005.
300 ## - PHYSICAL DESCRIPTION
Extent 793 p. :
Other physical details col. ill. ;
Dimensions 28 cm.
440 #0 - SERIES STATEMENT/ADDED ENTRY--TITLE
Title McGraw-Hill/Irwin series in marketing
521 ## - TARGET AUDIENCE NOTE
Target audience note
650 #0 - SUBJECT ADDED ENTRY--TOPICAL TERM
Topical term or geographic name as entry element Marketing
General subdivision Management.
700 1# - ADDED ENTRY--PERSONAL NAME
Personal name McCarthy, E. Jerome
Fuller form of name (Edmund Jerome)
906 ## - LOCAL DATA ELEMENT F, LDF (RLIN)
a 7
b cbc
c orignew
d 1
e ocip
f 20
g y-gencatlg
942 ## - ADDED ENTRY ELEMENTS (KOHA)
Source of classification or shelving scheme Library of Congress Classification
Koha item type Books
Call number prefix Foreign
Holdings
Withdrawn status Lost status Source of classification or shelving scheme Damaged status Home library Current library Shelving location Date acquired Total Checkouts Full call number Barcode Date last seen Copy number Price effective from Koha item type
    Library of Congress Classification   College Library College Library General Circulation Section 02/12/2013   HF 5415.13 .M369 2005 C15114 05/15/2018 1 02/12/2013 Books

Basic marketing :

APA

Perreault W. D., McCarthy E. J., . (2005). Basic marketing. Boston, Mass: McGraw-Hill.

Chicago

Perreault William D, McCarthy E Jerome, . 2005. Basic marketing. Boston, Mass: McGraw-Hill.

Harvard

Perreault W. D., McCarthy E. J., . (2005). Basic marketing. Boston, Mass: McGraw-Hill.

MLA

Perreault William D, McCarthy E Jerome, . Basic marketing. Boston, Mass: McGraw-Hill. 2005.

  • Place hold
  • Print
  • Cite
  • Add to your cart (remove)
  • Save record
    BIBTEX Dublin Core MARCXML MARC (non-Unicode/MARC-8) MARC (Unicode/UTF-8) MARC (Unicode/UTF-8, Standard) MODS (XML) RIS
  • More searches
    Search for this title in:
    Other Libraries (WorldCat) Other Databases (Google Scholar) Online Stores (Bookfinder.com) Open Library (openlibrary.org)

Exporting to Dublin Core...

SOUTHVILLE LIBRARY

Southville International School and Colleges Library

1281 Tropical Ave. Cor. Luxembourg St., BF Homes International, Las Pinas City

Tel. No. 8256374 / 252358 Loc. 117/146

Powered by Koha